|
|
|
|
| LEADER |
00000cam a2200000 i 4500 |
| 001 |
1/32006 |
| 008 |
030129s2002 gre d |
| 020 |
|
|
|a 960-8336-03-1
|
| 035 |
|
|
|l 10069261
|
| 040 |
|
|
|a GR-MY-UA
|b gre
|e aacr
|
| 041 |
0 |
|
|a gre
|
| 082 |
0 |
|
|a 629.52
|
| 100 |
1 |
|
|a Ρούσσης, Αναστάσιος Γ.
|
| 245 |
1 |
2 |
|a Η ρύπανση του περιβάλλοντος ως ιστορικό αποτέλεσμα του ανταγωνισμού /
|c Αναστάσιος Γ. Ρούσσης
|
| 260 |
|
|
|a Αθήνα :
|b Ψύχαλος,
|c 2002
|
| 300 |
|
|
|a 158 σ.
|
| 650 |
0 |
0 |
|a Pollution
|x Environmental aspects.
|
| 650 |
0 |
0 |
|a Environmetalism
|x History.
|
| 650 |
0 |
0 |
|a Environmentalists.
|
| 650 |
0 |
0 |
|a Environmental protection.
|
| 852 |
|
|
|a INST
|b CHIOS
|e 20030129
|h 363.705 ΡΟΥ
|p 005200013010
|q 005200013010
|t BK
|y 0
|
| 852 |
|
|
|a INST
|b LESVOS
|e 20030129
|h 363.705 ΡΟΥ
|p 005100026616
|q 005100026616
|t BK
|y 0
|
| 852 |
|
|
|a INST
|b LESVOS
|e 20030129
|h 363.705 ΡΟΥ
|p 005100026617
|q 005100026617
|t BK
|y 0
|
| 852 |
|
|
|a INST
|b LESVOS
|e 20030129
|h 363.705 ΡΟΥ
|p 005100026618
|q 005100026618
|t BK
|y 0
|
| 852 |
|
|
|a INST
|b RHODES
|e 20030129
|h 628.52 ΡΟΥ
|p 005400020592
|q 005400020592
|t BK
|y 0
|
| 901 |
|
|
|a BIBL4-2003-1
|
| 901 |
|
|
|a BIBL2-2003-3
|
| 909 |
|
|
|a Ρ
|b 103526
|
| 909 |
|
|
|a Λ
|b 103525
|
| 909 |
|
|
|a Λ
|b 103524
|
| 909 |
|
|
|a Λ
|b 103523
|
| 909 |
|
|
|a Χ
|b 103522
|
| 922 |
|
|
|a 1ΕΛΗ
|b 200212
|c ΤΑΚ/ΚΥΒ
|d Ειρμός
|
| 950 |
|
|
|a 023-2002-11-29
|
| 970 |
|
|
|a Κουλακιότη
|b Λίτσα
|z 2003/03/17
|